Zgadnij jakie to państwo po 3 podpowiedziach-Europa - Statystyki

Ogólne statystyki
  • Ten quiz został rozwiązany 771 razy
  • Średni wynik to 7 z 11
Statystyki odpowiedzi
To państwo: Odpowiedź % Poprawnych
1.stosuje karę śmierci2.jest sąsiadem Polski 3.jest prawie w 25% pokryte bagnami Białoruś
95%
1.jest chętnie odwiedzane przez turystów
2.jest w top 5 największych państw
w Europie 3.ma silne ruchy separatystyczne
Hiszpania
83%
1.jest podzielone na cztery części2.przebiega przez nie południk 0° 3.ma piątą co do długości linie brzegową w Europie Wielka Brytania
71%
1.było częścią Jugosławi2.ma dostęp do morza 3.nie należy do NATO ani UE Bośnia i Hercegowina
69%
1.jest zaliczane do państw nordyckich2.ma mniej niż milion mieszkańców 3.ma ponad 5% polaków w swojej ludności Islandia
66%
1.ma jedno miasto większe od Warszawy2.należy do grupy Wyszehradzkiej 3.nie ma dostępu do morza za to ma jedno z największych jezior Europy centralnej Węgry
66%
1.jest wyspą2.jest częścią UE 3.ma duży odsetek muzułmanów Cypr
65%
1.odzyskało niepodległość w tym milenium2.jest członkiem NATO 3.leży na Bałkanach Czarnogóra
55%
1.ma znaczną mniejszość węgierską2.ma dostęp do morza czarnego 3.ma największy budynek parlamentu w Europie Rumunia
55%
1.używa euro2.ma dwa języki urzędowe 3.leży niedaleko Włoch, ale z nimi nie graniczy Malta
54%
1.jest w większości protestanckie2.mieszka tam ludność nieindoeuropejaka 3.w tym milenium dołączyło do NATO Finlandia
47%
Nie znaleziono quizów pasujących do podanych kryteriów
Rozkład punktacji
Procent ludzi z każdym wynikiem
Percentyl według liczby udzielonych odpowiedzi
Twoja historia wyników
Nie rozwiązałeś tego quizu